Normal view
MARC view
- Ahmed Junaid Awais Ahmed Bilal Akhtar Yasir Khurshid Haris Hussain
Entry Personal Name
001 - CONTROL NUMBER
- control field: 70934
003 - CONTROL NUMBER IDENTIFIER
- control field: NUST
005 - DATE AND TIME OF LATEST TRANSACTION
- control field: 20210628204553.0
008 - FIXED-LENGTH DATA ELEMENTS
- fixed length control field: 210628|| aca||aabn | a|a d
040 ## - CATALOGING SOURCE
- Original cataloging agency: NUST
- Transcribing agency: NUST
100 ## - HEADING--PERSONAL NAME
- Personal name: Ahmed Junaid Awais Ahmed Bilal Akhtar Yasir Khurshid Haris Hussain
670 ## - SOURCE DATA FOUND
- Source citation: Work cat.: (NUST): Ahmed Junaid Awais Ahmed Bilal Akhtar Yasir Khurshid Haris Hussain , PR-SOF-1566-DEVELOPMENT OF A DYNAMICALLY STABLE HOLONOMIC, SPHERICAL DRIVE ROBOTIC PLATFORM, 2017
